000 00291nam a22001457a 4500
003 SGT
082 _a346.30954,GAN
100 _aGANDHI,B.N
245 _aLAW OF TORTS
250 _a4TH
260 _aLUCKNOW
_bEASTERN BOOKS
_c2011
300 _a523
650 _a TORTS
942 _2ddc
_cBK
_011
999 _c9580
_d9580